|
|
|
|
| LEADER |
00000nab a2200000 a 4500 |
| 001 |
vtls000637502 |
| 003 |
SK-MaSNL |
| 005 |
20260302185124.0 |
| 008 |
160401c1997 xo 0 slo |
| 015 |
|
|
|a SNBRB19rr/mm-uuuuu
|
| 035 |
|
|
|a CL0637641
|
| 040 |
|
|
|a SNKBUCL
|b slo
|c SNKBUCL
|e AACR2
|
| 041 |
0 |
|
|a slo
|
| 044 |
|
|
|a xo
|c SK
|
| 080 |
|
|
|a 796.420.093.1(100)
|2 1981
|
| 245 |
0 |
0 |
|a Bronzy Tomanovej a Štěpánkovej
|b 15. majstrovstvá sveta v kulturistike žien a miešaných párov a 2. vo fitness v Bratislave
|
| 300 |
|
|
|b Obr. 1
|
| 650 |
0 |
7 |
|a kulturistika
|2 snkbucl
|9 3254
|
| 655 |
|
7 |
|a články z novín a časopisov
|2 snkbucl
|9 267496
|
| 773 |
0 |
|
|t Šport
|g Roč. 51, č. 241 (20. 10. 1997), s. 2
|
| 850 |
|
|
|a Slovenská národná knižnica v Martine
|a MTA001
|
| 852 |
|
|
|a SNK
|b KIS3GCP
|
| 958 |
|
|
|a RK
|
| 958 |
|
|
|a RBX
|
| 999 |
|
|
|c 1428211
|d 1430141
|